00333pab a2200133 454500008004000000100002200040245003600062260000900098300001400107362000800121650002200129650001400151773003400165180718b2005 xxu||||| |||| 00| 0 eng d aGalicki, Zdzislaw aInternational law and terrorism c2005 ap.743-57. aFeb aInternational law aTerrorism aAmerican Behavioral Scientist